Missing Word: National Animals Quiz Stats

 Plays Quiz Updated Jul 2, 2018

Score 0/16 Timer 03:00
1 Play Today
Animal Missing Word % Correct
Bald _____Eagle
97.5%
Komodo ______Dragon
94.4%
Royal Bengal _____Tiger
93.4%
_____ of ParadiseBirds
91.7%
Giant _____Panda
87.9%
Brown ____Bear
86.4%
King _____Cobra
79.8%
Peregrine ______Falcon
76.4%
Animal Missing Word % Correct
Yellow-fin ____Tuna
74.4%
Ring Tailed _____Lemur
70.2%
African _________Elephant
67.9%
White-tailed ____Deer
56.9%
Water _______Buffalo
51.8%
Thomson's _______Gazelle
41.9%
Black __________Rhinoceros
29.3%
Wood _____Mouse
9.7%

Today's Daily Dose

You're not logged in!

Compare scores with friends on all Sporcle quizzes.
OR
Log In

You Might Also Like...

Show Comments

Extras

Top Quizzes Today


Score Distribution

Your Account Isn't Verified!

In order to create a playlist on Sporcle, you need to verify the email address you used during registration. Go to your Sporcle Settings to finish the process.

Report this User

Report this user for behavior that violates our Community Guidelines.

Details: